000 00791nam a2200277Ia 4500
008 171120s9999 xx 000 0 und d
020 _a9622582311
050 _a959.9
050 _bK191 1998
245 _aUp from the ashes /
245 _cby Maria Serena I. Diokno.
260 _aPhilippines :
260 _bAsia Publishing Company Limited,
260 _c1998
300 _a302 pages :
300 _bcolor illustrations ;
300 _c29cm.
440 _aKasaysayan : the story of the Filipino people ;
440 _v8
500 _aIncludes bibliographic reference and index.
650 _aPhilippines --
650 _aPhilippines --
650 _aPolitics and governement.
650 _xHistory -- 1946-1986.
650 _xPolitics and government -- 1946-1973.
999 _c345415
_d345415